| 000 | 00624nam a2200121Ia 4500 | ||
|---|---|---|---|
| 008 | 220615s9999||||xx |||||||||||||| ||und|| | ||
| 100 | _aYang, Yang||Land, Kenneth C. | ||
| 245 | 0 |
_aAge-Period-Cohort Analysis _bNew Models, Methods, and Empirical Applications |
|
| 546 | _aEnglish[eng] | ||
| 650 | _aPsychological Methods and Statistics||Statistics for the Biological Sciences||Statistical Theory and Methods||STATS||SCI-TECH||STM||birth||cohorts||effect||effects||generalized||identification||linear||mixed||model||problem | ||
| 856 | _uhttps://library.oapen.org/bitstream/20.500.12657/41675/1/9781466507531.pdf | ||
| 942 | _cEB | ||
| 999 |
_c11093 _d11093 |
||